Statistics for Линии Московского метро

Click here to take the quiz!

General Stats

  • This quiz has been taken 402 times
    (399 since last reset)
  • The average score is 8 of 14

Answer Stats

№ линииAnswer% Correct
5Кольцевая
85%
3Арбатско-Покровская
75%
1Сокольническая
74%
2Замоскворецкая
64%
7Таганско-Краснопресненская
64%
6Калужско-Рижская
63%
4Филёвская
60%
9Серпуховско-Тимирязевская
54%
11Большая Кольцевая
54%
14Московское центральное кольцо
49%
15Некрасовская
48%
12Бутовская
46%
10Люблинско-Дмитровская
42%
8Калининско-Солнцевская
30%

Score Distribution

Percentile by Number Answered

Percent of People with Each Score

Your Score History

You have not taken this quiz since the last reset